00753 2200229 4500001002100000005001500021035002000036007000300056008004100059020002200100082001100122084001700133100001600150245011500166260004500281300003800326500007200364650002400436700002100460504003100481990001100512INLIS00000000000348920190527092014 a0010-0519000080ta190527 g 0 ind  a978-979-22-3636-1 a658.81 a658.81 VIT b0 aVITALE, Joe1 aBuying Trances :bCara Membuat Orang Membeli APA PUN yang Anda Jual /cJoe Vitale; penerjemah, Hendro Prasetyo aJakarta :bGramedia Pustaka Utama,c2008 axxiv, 213 hlm. :bilus. ;c23 cm. aJudul asli : Buying Trances a New Psychology of Sales and Marketing 4aMANAJEMEN PENJUALAN0 aHENDRO, Prasetyo aBibliografi : hlm. 201-213 a6343 a